Bytová politika SR

Hodnotenie bytovej výstavby a politiky na Slovensku po r.1989. Riešenie bytového problému v programových vyhláseniach vlády J. Moravčíka a V. Mečiara. Cesta k bytovému trhu. Stavebné sporiteľne. Príprava legislatívy pre poskytovanie hypotekárnych úverov. Liberalizácia nájomného predpokladom vytvoren...

Full description

Saved in:
Bibliographic Details
Main Author: Gossányi, Vojtech
Format: Book Chapter
Language:Slovak
Subjects:
Tags: Add Tag
No Tags, Be the first to tag this record!

MARC

LEADER 00000naa a2200000 4500
001 r024314
005 20221213100736.0
041 0 |a slo 
044 |a SK 
245 1 0 |a Bytová politika SR  |c Vojtech Gossányi 
520 |a Hodnotenie bytovej výstavby a politiky na Slovensku po r.1989. Riešenie bytového problému v programových vyhláseniach vlády J. Moravčíka a V. Mečiara. Cesta k bytovému trhu. Stavebné sporiteľne. Príprava legislatívy pre poskytovanie hypotekárnych úverov. Liberalizácia nájomného predpokladom vytvorenia trhu s bytmi. 
610 2 0 |a byty 
610 2 0 |a výstavba bytová 
610 2 0 |a politika bytová 
610 2 0 |a Slovensko 
610 2 0 |a 1989-1994 
610 2 0 |a trh 
610 2 0 |a sporiteľne 
610 2 0 |a úver hypotekárny 
610 2 0 |a banky obchodné 
610 2 0 |a programy vládne 
610 2 0 |a sporenie obyvateľstva 
610 2 0 |a nájomné 
100 1 |a Gossányi, Vojtech